Book of Indian birds (Record no. 348782)

000 -LEADER
fixed length control field 00328cam a22001217a 4500
008 - FIXED-LENGTH DATA ELEMENTS--GENERAL INFORMATION
fixed length control field 180718b1979 xxu||||| |||| 00| 0 eng d
082 ## - DEWEY DECIMAL CLASSIFICATION NUMBER
Classification number Y73x54 A141
100 ## - MAIN ENTRY--PERSONAL NAME
Personal name Ali, Salim
245 ## - TITLE STATEMENT
Title Book of Indian birds
Statement of responsibility, etc. by Salim Ali
260 ## - PUBLICATION, DISTRIBUTION, ETC.
Place of publication, distribution, etc. Bombay
Name of publisher, distributor, etc. Bombay Natural History Society
Date of publication, distribution, etc. 1979
300 ## - PHYSICAL DESCRIPTION
Extent 187p.
650 ## - SUBJECT ADDED ENTRY--TOPICAL TERM
Topical term or geographic name entry element Birds - India
Holdings
Withdrawn status Lost status Damaged status Not for loan Permanent Location Current Location Date acquired Full call number Barcode Date last seen Price effective from Koha item type
        Indian Institute of Public Administration Indian Institute of Public Administration 1993-10-27 Y73x54 A141 62747 2018-07-21 2018-07-21 Book

Powered by Koha